| 000 | 01129cam a2200325 a 4500 | ||
|---|---|---|---|
| 999 |
_c41809 _d41809 |
||
| 001 | 15041891 | ||
| 003 | OSt | ||
| 005 | 20221114112555.0 | ||
| 008 | 071012s2008 njua b 001 0 eng | ||
| 010 | _a 2007281072 | ||
| 020 | _a9788131728536 | ||
| 020 | _a9780132397285 | ||
| 020 | _a0132397285 | ||
| 035 | _a(OCoLC)ocn137288807 | ||
| 040 |
_aTXA _cTXA _dYDXCP _dBAKER _dIXA _dDLC |
||
| 042 | _alccopycat | ||
| 050 | 0 | 0 |
_aQA297 _b.F38 2008 |
| 082 | 0 | 0 |
_a518 _222 _bFAU/A |
| 100 | 1 |
_aFausett, Laurene V. _99299 |
|
| 245 | 1 | 0 |
_aApplied numerical analysis using MATLAB / _cLaurene V. Fausett. |
| 250 | _a2nd ed. | ||
| 260 |
_aUpper Saddle River, NJ : _bPearson Prentice Hall, _cc2008. |
||
| 300 |
_axiii, 673 p. : _bill. ; _c25 cm. |
||
| 504 | _aIncludes bibliographical references (p. 643-[652]) and index. | ||
| 630 | 0 | 0 | _aMATLAB. |
| 650 | 0 |
_aNumerical analysis _xData processing. |
|
| 906 |
_a7 _bcbc _ccopycat _d2 _encip _f20 _gy-gencatlg |
||
| 942 |
_2ddc _cBK _h518 _iFAU/A _k518 _mFAU/A |
||